Sports Quiz

Random Sports or World Quiz

MLB Consecutive World Series Losers Quiz Stats

Quiz Updated Oct 15, 2015

Challenge
Share
Tweet
Embed
Score 0/10 Timer 02:00
4 Plays Today
Years Team % Correct
2010-2011Texas Rangers
89.1%
1991-1992Atlanta Braves
83.7%
1963-1964New York Yankees
75.3%
1977-1978Los Angeles Dodgers
72.3%
1952-1953Brooklyn Dodgers
69.4%
1921-1922New York Yankees
61.7%
1936-1937New York Giants
58.9%
1923-1924New York Giants
54.7%
1911-1913New York Giants
49.1%
1907-1909Detroit Tigers
41.8%

You're not logged in!

Compare scores with friends on all Sporcle quizzes.
Sign Up with Email
OR
Log In

You Might Also Like...

Show Comments

Extras

Top Quizzes Today


Score Distribution

Your Account Isn't Verified!

In order to create a playlist on Sporcle, you need to verify the email address you used during registration. Go to your Sporcle Settings to finish the process.